1323 1183 1678 1848 1128 1412 1508 1492 1030 1836 1235 1049 1583 1421 1489 1025 1548 1782 1002 1485 1198 1885 1813 1594 1866 1273 1397 1347 1415 1971 1692 1716 1205 1465 1128 1339 1847 1031 1600 1502 1056 1567 1099 1432 1682 1418 1399 1613 1632 1814 1027 1086 1376 1532 1744 1442 1811 1252 1923 1424 1086 1978 1977 1091 1668 1369 1057 1569 1573 1409 1135 1115 1861 1856 1051 1388 1121 1625 1958 1707 1621 1321 1531 1111 1991 1420 1372 1072 1903 1017 1208 1092 1773 1429 1433 1355 1212 1731 1566 BCNSPRNW ULIB Ver.6.0+V

เปลี่ยนเป็นภาษาไทย

Change to English
 แสดงรายละเอียดบรรณานุกรม
  กลับหน้าหลัก

Brief Record : Get Marc (ISO 2709) : E-mail record : QR code < ปิดหน้าต่าง
LEADER : 00000nam 2200000uu 4500
001    13399112318
003     ULIB
008    110627s2554||||th 000 0 tha d
020    9786160602858
090    นว.^bอ524ส 2554
100 0  อัญชรีย์
245 00 สูตรร้ายหมายใจเธอ/^cอัญชรีย์
250    พิมพ์ครั้งที่ 3
260    กรุงเทพฯ :^bแจ่มใส,^c2554
300    212 หน้า
710 1  แจ่มใส
945    ^p149^l0^i030404
995    ทศพร
999 ^a ใช้งานได้ทุกระบบ
รายการนี้ยังไม่มีแท็ก
คุณยังไม่ได้ล็อกอิน คุณสามารถมีกิจกรรมร่วมกับเว็บไซต์ได้ แต่ต้องล็อกอินก่อน ::
  ล็อกอิน

รายการสื่อสารสนเทศ

ลำดับที่ ประเภท เลขเรียก/บาร์โค้ด สถานที่ สถานะ
- ไม่พบข้อมูล -

รายการใกล้เคียง
    ผู้แต่ง [อัญชรีย์]

BibComment


ยังไม่เคยถูกคอมเมนท์

คอมเมนท์ทรัพยากรรายการนี้
  คอมเมนท์: สูตรร้ายหมายใจเธอ..


 Copyright 2026. Bcnsprnw @Library